000
00277nam a2200109Ia 4500
008
190216s9999||||xx |||||||||||||| ||und||
100
_a
Shukla M C&Amp; Gulhan S S
245
0
_a
Secretarial Practice And Offince Management
260
_b
Null
_c
1986
300
_a
1523p
942
_c
BK
999
_c
5254
_d
5254